000 00458nam a22001337a 4500
008 140925b xxu||||| |||| 00| 0 eng d
050 _aBX1912.5.N339
100 _aNcube, Raphael Mabuza Fr.
_911665
245 _aWrestling with God
_ba day of recollection
_cFr. Raphael Mabuza Ncube
260 _aPlumtree
_bIlizwe Publications
_c2013
300 _avi, 121p. ;
_c23cm.
650 _aCatholic Church
_xClergy
_xReligious life
_911664
942 _2lcc
_cMONOGRAPH
_01
999 _c120961
_d120961